1950 1769 1329 1572 1930 1284 1236 1239 1023 1409 1722 1564 1586 1864 1855 1404 1272 1310 1054 1804 1288 1336 1754 1944 1047 1583 1964 1347 1031 1961 1255 1692 1537 1127 1884 1576 1018 1698 1486 1549 1994 1302 1280 1507 1861 1198 1832 1643 1892 1961 1702 1948 1448 1493 1286 1467 1174 1237 1419 1767 1211 1396 1855 1412 1809 1521 1910 1230 1113 1291 1766 1679 1527 1394 1660 1225 1125 1914 1660 1727 1699 1979 1716 1966 1932 1227 1013 1637 1822 1487 1192 1352 1333 1298 1593 1461 1271 1900 1648 BCNSPRNW ULIB Ver.6.0+V

เปลี่ยนเป็นภาษาไทย

Change to English
 แสดงรายละเอียดบรรณานุกรม
  กลับหน้าหลัก

Brief Record : Get Marc (ISO 2709) : E-mail record : QR code < ปิดหน้าต่าง
LEADER : 00000nam 2200000uu 4500
001    13399112497
003     ULIB
008    110627s2552||||th 000 0 tha d
020    9786110600248
090    นว.^bม756L 2552
100 0  เมย์ 112
245 00 Lovey brother แผนรักร้ายของ(พี่)ชายจอมเจ้าเล่ห์/^cเมย์ 112
250    พิมพ์ครั้งที่ 1
260    กรุงเทพฯ :^bแจ่มใส,^c2552
300    195 หน้า
710 1  แจ่มใส
945    ^p149^l0^i026131
995    ทศพร
999 ^a ใช้งานได้ทุกระบบ
รายการนี้ยังไม่มีแท็ก
คุณยังไม่ได้ล็อกอิน คุณสามารถมีกิจกรรมร่วมกับเว็บไซต์ได้ แต่ต้องล็อกอินก่อน ::
  ล็อกอิน

รายการสื่อสารสนเทศ

ลำดับที่ ประเภท เลขเรียก/บาร์โค้ด สถานที่ สถานะ
- ไม่พบข้อมูล -

รายการใกล้เคียง
    ผู้แต่ง [เมย์ 112]

BibComment


ยังไม่เคยถูกคอมเมนท์

คอมเมนท์ทรัพยากรรายการนี้
  คอมเมนท์: Lovey brother แผน..


 Copyright 2026. Bcnsprnw @Library